LEADER 01270nam--2200421---450- 001 990000435260203316 005 20070706160945.0 035 $a0043526 035 $aUSA010043526 035 $a(ALEPH)000043526USA01 035 $a0043526 100 $a20010509d1991----km-y0itay0103----ba 101 $aita 102 $aIT 105 $a||||||||001yy 200 1 $aViaggio in Europa$fAlfonso Bonfioli Malvezzi$ga cura di Sandro Cardinali 210 $aPalermo$cSellerio$d1991 215 $a353 p.$d22 cm 225 2 $aLa diagonale$v56 410 $12001$aLa diagonale$v56 461 1$1001-------$12001 606 $aEuropa$xDescrizioni e viaggi 676 $a914.0455 700 1$aBONFIOLI MALVEZZI,$bAlfonso$0300536 702 1$aCARDINALI,$bSandro 801 0$aIT$bsalbc$gISBD 912 $a990000435260203316 951 $aX.2.A. 304(VARIE COLL. 205/56)$b114934 LM$cVARIE COLL. 959 $aBK 969 $aUMA 979 $aPATTY$b90$c20010509$lUSA01$h1230 979 $aPATTY$b90$c20010509$lUSA01$h1230 979 $c20020403$lUSA01$h1651 979 $aPATRY$b90$c20040406$lUSA01$h1630 979 $aCOPAT4$b90$c20050120$lUSA01$h1010 979 $aCOPAT1$b90$c20070706$lUSA01$h1609 996 $aViaggio in Europa$9729930 997 $aUNISA LEADER 01191nam--2200385---450- 001 990003632960203316 005 20120302141706.0 010 $a978-1-84816-558-8 035 $a000363296 035 $aUSA01000363296 035 $a(ALEPH)000363296USA01 035 $a000363296 100 $a20120302d2012----km-y0itay50------ba 101 $aeng 102 $aGB 105 $ay|||||||001yy 200 1 $aNew materials and technologies for healthcare$feditors Larry Hench, Julian Jones, & Michael B. Fenn. 210 $aLondon$cImperial College Press$d2012 215 $aVI, 511 p.$d23 cm 606 0 $aBiomateriali$2BNCF 676 $a610.284$v22 702 1$aHENCH,$bLarry L. 702 1$aJONES,$bJulian R. 702 1$aFENN,$bMichael B. 801 0$aIT$bsalbc$gISBD 912 $a990003632960203316 951 $a610.284 NEW 1$b22254 Far.$c610.284$d00307703 959 $aBK 969 $aFAR 979 $aCHIARA$b90$c20120302$lUSA01$h1109 979 $aCHIARA$b90$c20120302$lUSA01$h1112 979 $aCHIARA$b90$c20120302$lUSA01$h1416 979 $aCHIARA$b90$c20120302$lUSA01$h1417 996 $aNew materials and technologies for healthcare$91138796 997 $aUNISA LEADER 01831oam 2200505I 450 001 9910707252503321 005 20160614120114.0 035 $a(CKB)5470000002462983 035 $a(OCoLC)951678935 035 $a(EXLCZ)995470000002462983 100 $a20160614j201605 ua 0 101 0 $aeng 135 $aurcn||||||||| 181 $ctxt$2rdacontent 182 $cc$2rdamedia 183 $acr$2rdacarrier 200 10$aTemperature dependence of electrical resistance of woven melt-infiltrated SiCf/SiC ceramic matrix composites /$fMatthew P. Appleby, Gregory N. Morscher, Dongming Zhu 210 1$aCleveland, Ohio :$cNational Aeronautics and Space Administration, Glenn Research Center,$dMay 2016. 215 $a1 online resource (18 pages) $ccolor illustrations 225 1 $aNASA/TM ;$v2016-219095 300 $aTitle from title screen (viewed on June 14, 2016). 300 $a"May 2016." 320 $aIncludes bibliographical references (pages 17-18). 606 $aElectrical properties$2nasat 606 $aElectrical resistance$2nasat 606 $aHigh temperature$2nasat 606 $aRoom temperature$2nasat 606 $aTemperature dependence$2nasat 615 7$aElectrical properties. 615 7$aElectrical resistance. 615 7$aHigh temperature. 615 7$aRoom temperature. 615 7$aTemperature dependence. 700 $aAppleby$b Matthew P.$01420128 702 $aMorscher$b Gregory N$g(Gregory Nelson), 702 $aZhu$b Dongming 712 02$aNASA Glenn Research Center, 712 02$aFundamental Aeronautics Program (U.S.), 801 0$bGPO 801 1$bGPO 801 2$bGPO 906 $aBOOK 912 $a9910707252503321 996 $aTemperature dependence of electrical resistance of woven melt-infiltrated SiCf$93536934 997 $aUNINA